000
00291nam a2200121Ia 4500
005
20251222144833.0
008
251222s9999||||xx |||||||||||||| ||spa||
082
_a
710/B22
100
_a
Bandino, Giovanni
245
0
_a
Rio de la Venta Tesoro de Chiapas
250
_a
1ra.ed.
942
_c
LIB
999
_c
20916
_d
20916